| 000 | 01293nam a2200229Ia 4500 | ||
|---|---|---|---|
| 003 | Ost | ||
| 005 | 20260507075101.0 | ||
| 008 | 260507s9999||||xx |||||||||||||| ||und|| | ||
| 040 | _cfsecg | ||
| 041 | _aara | ||
| 082 | _a332.75 | ||
| 100 |
_aخليل، أحمد محمود _eمؤلف |
||
| 245 | 0 |
_aأحكام الإفلاس التجاري والإعسار المدني معلقا عليها بأحكام محمكة النقض / _c أحمد محمود خليل |
|
| 260 |
_aالإسكندرية: _bدار المطبوعات الجامعية, _c2004 |
||
| 300 |
_a438 صفحة؛ _c24 سم |
||
| 504 | _aبيبليوغرافيا :ص.431 | ||
| 520 | _aالأعسار المدني،شهر الأعسار،آثار شهر الأعسار،الأفلاس التجاري،شهر الأفلاس،إدارة التفليسة،آثار الأفلاس،إنتهاء التفليسة،أفلاس الشركات،رد الأعتبار التجاري،الصلح الواقي من الأفلاس،جرائم الأفلاس والصلح الواقي منه،أحكام محكمة النقض في قضايا الأفلاس | ||
| 653 | _aالاعسار | ||
| 653 | _aالافلاس | ||
| 653 | _aالديون | ||
| 942 | _cكتاب | ||
| 999 |
_c42792 _d42792 |
||